[Event "M.Chigorin Memorial 2014"]
[Site "St. Petersburg"]
[Date "2014.10.20"]
[Round "3.47"]
[White "Erzhanov, Arman"]
[Black "Alekseenko, Kirill"]
[Result "0-1"]
[WhiteElo "2278"]
[BlackElo "2483"]
[PlyCount "120"]
[EventDate "2014.10.18"]
[EventType "swiss"]
[EventCountry "RUS"]

1. e4 e5 2. Nf3 Nc6 3. Bb5 Nd4 4. Nxd4 exd4 5. O-O Bc5 6. Bc4 d6 7. Qh5 Qe7 8.
d3 Nf6 9. Qh4 Be6 10. Bb3 h6 11. f4 O-O-O 12. f5 Bxb3 13. axb3 d5 14. exd5 Rhe8
15. Na3 Rxd5 16. Bd2 Bxa3 17. Rxa3 Qc5 18. Ra5 Qxc2 19. Rxd5 Nxd5 20. Qxd4 c6
21. Re1 Rxe1+ 22. Bxe1 Qb1 23. Kf2 f6 24. b4 a6 25. h3 Qc1 26. Bc3 Kc7 27. Qe4
h5 28. h4 Qd1 29. Kg3 Qc2 30. Kh2 Qf2 31. Kh1 Qf1+ 32. Kh2 Qf4+ 33. Qxf4+ Nxf4
34. b5 axb5 35. Bb4 Nxd3 36. Bf8 Kd7 37. b3 Ne5 38. Kg3 Ke8 39. Bd6 Nd3 40. Kf3
Nc1 41. b4 Nd3 42. Ke3 Ne5 43. Kd4 Nc4 44. Bh2 Kd7 45. Ke4 Nb6 46. Bg1 Nd5 47.
Bc5 Ke8 48. Kf3 b6 49. Bd6 Ne7 50. g4 hxg4+ 51. Kxg4 Kd7 52. Bg3 c5 53. Bf2 Kc6
54. Be1 Kd5 55. Kf4 Kc4 56. Ke4 cxb4 57. Ke3 b3 58. Kd2 Nxf5 59. h5 Nd4 60. Kc1
Nf3 0-1

[Event "M.Chigorin Memorial 2014"]
[Site "St. Petersburg"]
[Date "2014.10.20"]
[Round "3.48"]
[White "Gordievsky, Dmitry"]
[Black "Solovyov, Viktor"]
[Result "1-0"]
[WhiteElo "2455"]
[BlackElo "2266"]
[PlyCount "103"]
[EventDate "2014.10.18"]
[EventType "swiss"]
[EventCountry "RUS"]

1. Nf3 d5 2. c4 c6 3. e3 Nf6 4. Nc3 g6 5. d4 Bg7 6. Bd3 O-O 7. O-O Bg4 8. h3
Bxf3 9. Qxf3 e6 10. Rd1 Nbd7 11. Qe2 Qe7 12. e4 dxe4 13. Bxe4 Rfd8 14. Bf3 Ne8
15. Bf4 Nb6 16. c5 Nd7 17. Rac1 Qf8 18. b4 a6 19. a4 Ndf6 20. b5 axb5 21. axb5
Nd5 22. Nxd5 exd5 23. bxc6 bxc6 24. Rb1 Ra4 25. Qe3 Nf6 26. Rb6 Rc8 27. Qb3 Ra7
28. Bb8 Ra8 29. Bd6 Qe8 30. Rb7 Bf8 31. Bf4 Bg7 32. Qb4 Qe6 33. Re1 Ne4 34. Bg4
f5 35. Bd1 Ra1 36. f3 g5 37. Rxg7+ Kxg7 38. Be5+ Kh6 39. fxe4 dxe4 40. h4 f4
41. hxg5+ Kxg5 42. Qc3 Rca8 43. Bxf4+ Kxf4 44. Qe3+ Kf5 45. Qh3+ Kf6 46. Rf1+
Ke7 47. Qh4+ Kd7 48. Bg4 Rxf1+ 49. Kxf1 Rf8+ 50. Ke1 Rf5 51. Qxh7+ Ke8 52. Qxf5
1-0

[Event "M.Chigorin Memorial 2014"]
[Site "St. Petersburg"]
[Date "2014.10.20"]
[Round "3.49"]
[White "Melnikov, Dmitry"]
[Black "Malakhov, Igor"]
[Result "1-0"]
[WhiteElo "2260"]
[BlackElo "2441"]
[PlyCount "69"]
[EventDate "2014.10.18"]
[EventType "swiss"]
[EventCountry "RUS"]

1. e4 c5 2. b3 b6 3. Bb2 Bb7 4. Nc3 e6 5. f4 Nc6 6. Nf3 Nf6 7. e5 Nh5 8. g3 Nd4
9. Bg2 Nxf4 10. gxf4 Bxf3 11. Bxf3 Qh4+ 12. Kf1 Qxf4 13. Kg2 Qg5+ 14. Kh3 Rd8
15. Ne4 Qxe5 16. c3 Nf5 17. Ng3 Bd6 18. Qe2 Qf4 19. Nxf5 Qxf5+ 20. Kg2 Qg5+ 21.
Kf1 Qf6 22. Kg2 Bf4 23. Rhg1 Qh6 24. Kh1 Bxd2 25. c4 Bg5 26. Rxg5 Qxg5 27. Rg1
Qf5 28. Bg4 Qf4 29. Be5 Qh6 30. Bh5 Rg8 31. Qf3 g6 32. Bf6 Rc8 33. Bg4 Qd2 34.
Rd1 Qc2 35. Qb7 1-0

[Event "M.Chigorin Memorial 2014"]
[Site "St. Petersburg"]
[Date "2014.10.20"]
[Round "3.50"]
[White "Iljiushenok, Ilia"]
[Black "Gorlanov, Vladislav"]
[Result "1-0"]
[WhiteElo "2433"]
[BlackElo "2235"]
[PlyCount "107"]
[EventDate "2014.10.18"]
[EventType "swiss"]
[EventCountry "RUS"]

1. e4 c5 2. Nf3 g6 3. d4 cxd4 4. Nxd4 Nf6 5. Nc3 Nc6 6. Nb3 Bg7 7. Be2 O-O 8.
O-O d6 9. Re1 b6 10. Bf1 Bb7 11. Nd5 Nd7 12. c3 Rc8 13. Bg5 Re8 14. f4 Nc5 15.
Qf3 f6 16. Bh4 e6 17. Ne3 g5 18. Bg3 gxf4 19. Qxf4 Ne5 20. Nxc5 dxc5 21. Rad1
Qe7 22. Nc4 Nf7 23. Bh4 Rf8 24. Qg4 Nh6 25. Qh3 Rcd8 26. Rxd8 Rxd8 27. e5 Nf5
28. exf6 Bxf6 29. Qxf5 Bxh4 30. Qg4+ Qg5 31. Qxe6+ Kh8 32. Ne5 Rf8 33. Nf7+
Rxf7 34. Qxf7 Bxe1 35. Qe8+ Kg7 36. Qxe1 Bd5 37. a3 Kf6 38. Qf2+ Ke5 39. h4 Qc1
40. Kh2 Qf4+ 41. Kg1 Qc1 42. Qe2+ Kd6 43. Kh2 Qf4+ 44. g3 Qf3 45. Qxf3 Bxf3 46.
Kg1 Ke5 47. Kf2 Bd5 48. Ke3 Be6 49. Bb5 Bg4 50. Be2 Be6 51. g4 Bd7 52. Kf3 Bc6+
53. Kg3 Be4 54. Bf3 1-0

[Event "M.Chigorin Memorial 2014"]
[Site "St. Petersburg"]
[Date "2014.10.20"]
[Round "3.51"]
[White "Shapiro, David"]
[Black "Ziaziulkina, Nastassia"]
[Result "0-1"]
[WhiteElo "2236"]
[BlackElo "2429"]
[PlyCount "78"]
[EventDate "2014.10.18"]
[EventType "swiss"]
[EventCountry "RUS"]

1. d4 d5 2. c4 c6 3. Nf3 Nf6 4. e3 Bg4 5. h3 Bf5 6. Bd3 Bxd3 7. Qxd3 e6 8. Nc3
Bb4 9. Bd2 Nbd7 10. O-O Qb6 11. a3 Bxc3 12. Bxc3 Ne4 13. Nd2 Ndf6 14. Nxe4 Nxe4
15. b4 O-O 16. c5 Qc7 17. f3 Ng3 18. Rfe1 f5 19. Rab1 a6 20. a4 g5 21. Rb2 g4
22. Kf2 Kh8 23. hxg4 fxg4 24. f4 Ne4+ 25. Ke2 g3 26. Rf1 Qf7 27. Kd1 Qh5+ 28.
Kc2 Rf6 29. Be1 Rh6 30. Kb1 Qf5 31. Ka2 Rh2 32. Rg1 h5 33. Qf1 h4 34. Rh1 Rxh1
35. Qxh1 Qg4 36. Qh3 Rg8 37. Qh1 h3 38. gxh3 g2 39. Qg1 Qxh3 0-1

[Event "M.Chigorin Memorial 2014"]
[Site "St. Petersburg"]
[Date "2014.10.20"]
[Round "3.52"]
[White "Schekachikhin, Maksim"]
[Black "Usmanov, Vasily"]
[Result "0-1"]
[WhiteElo "2233"]
[BlackElo "2427"]
[PlyCount "92"]
[EventDate "2014.10.18"]
[EventType "swiss"]
[EventCountry "RUS"]

1. e4 e6 2. d4 d5 3. Nc3 Bb4 4. e5 Ne7 5. a3 Bxc3+ 6. bxc3 c5 7. Qg4 O-O 8. Bd3
Nbc6 9. Qh5 Ng6 10. Nf3 Nce7 11. h4 Bd7 12. Qg4 c4 13. Bxg6 fxg6 14. Bg5 Qe8
15. Ng1 Qf7 16. f3 Ba4 17. Bxe7 Qxe7 18. Kd2 Rf5 19. Ne2 Raf8 20. f4 b6 21.
Raf1 b5 22. Ra1 a5 23. Qf3 R5f7 24. Qe3 h6 25. g4 Rc8 26. Rh2 Kf8 27. f5 gxf5
28. Nf4 Ke8 29. g5 Kd7 30. gxh6 gxh6 31. Ng6 f4 32. Nxf4 Rf5 33. Ng6 Qh7 34.
Rg1 Rg8 35. Rhg2 Qf7 36. Qxh6 Rf2+ 37. Ke1 Rxg2 38. Rxg2 Bxc2 39. Rxc2 Rxg6 40.
Qe3 Qf5 41. Qf2 Qe4+ 42. Re2 Qb1+ 43. Kd2 Qd3+ 44. Kc1 Qxc3+ 45. Rc2 Qxa3+ 46.
Kb1 Kc6 0-1

[Event "M.Chigorin Memorial 2014"]
[Site "St. Petersburg"]
[Date "2014.10.20"]
[Round "3.53"]
[White "Kharmunova, Nadezhda"]
[Black "Petrosyan, Tigran S"]
[Result "0-1"]
[WhiteElo "2206"]
[BlackElo "2426"]
[PlyCount "56"]
[EventDate "2014.10.18"]
[EventType "swiss"]
[EventCountry "RUS"]

1. e4 e5 2. Nf3 Nc6 3. Bc4 Bc5 4. c3 Nf6 5. d3 d6 6. Bg5 h6 7. Bh4 a6 8. b4 Ba7
9. Nbd2 Qe7 10. a4 Nb8 11. Qe2 Nbd7 12. Nf1 g5 13. Bg3 Nh5 14. Ne3 Ndf6 15. Nd2
Nf4 16. Bxf4 gxf4 17. Nd5 Nxd5 18. Bxd5 Rg8 19. g3 c6 20. Bb3 Bg4 21. f3 Bh3
22. O-O-O fxg3 23. hxg3 Rxg3 24. Rh2 Qg5 25. Rdh1 Bg2 26. Rxh6 Bxh1 27. Rh8+
Ke7 28. Rxa8 Be3 0-1

[Event "M.Chigorin Memorial 2014"]
[Site "St. Petersburg"]
[Date "2014.10.20"]
[Round "3.54"]
[White "Paravyan, David"]
[Black "Sorokin, Aleksey"]
[Result "1/2-1/2"]
[WhiteElo "2424"]
[BlackElo "2246"]
[PlyCount "69"]
[EventDate "2014.10.18"]
[EventType "swiss"]
[EventCountry "RUS"]

1. e4 c5 2. Nf3 d6 3. d4 cxd4 4. Nxd4 Nf6 5. Nc3 a6 6. g3 e5 7. Nb3 Be7 8. Bg2
O-O 9. a4 Be6 10. O-O Nbd7 11. Qe2 Qc7 12. Rd1 Rfc8 13. Nd2 Rab8 14. a5 Nc5 15.
Nf1 b5 16. axb6 Rxb6 17. Ne3 Rb4 18. f4 exf4 19. gxf4 Qa7 20. f5 Bc4 21. Qf2
Ncd7 22. Qe1 Rbb8 23. b3 Bb5 24. Nxb5 Rxb5 25. Bb2 Rxc2 26. Bd4 Rxg2+ 27. Nxg2
Qb7 28. Qe2 Nxe4 29. Re1 d5 30. Ne3 Bf6 31. Rad1 Nc3 32. Bxc3 Bxc3 33. Rf1 Nf6
34. Rd3 Bb4 35. Rc1 1/2-1/2

[Event "M.Chigorin Memorial 2014"]
[Site "St. Petersburg"]
[Date "2014.10.20"]
[Round "3.55"]
[White "Davydov, Sergey P"]
[Black "Ponomarev, Dmitry"]
[Result "0-1"]
[WhiteElo "2228"]
[BlackElo "2413"]
[PlyCount "109"]
[EventDate "2014.10.18"]
[EventType "swiss"]
[EventCountry "RUS"]

1. Nf3 d6 2. d4 Bg4 3. e4 Nf6 4. Nc3 e6 5. Be3 Be7 6. h3 Bh5 7. Bd3 d5 8. exd5
Nxd5 9. Nxd5 Qxd5 10. Be2 Nc6 11. O-O O-O 12. c3 a5 13. Bf4 Bd6 14. Bxd6 cxd6
15. a4 Ne7 16. Nd2 Bxe2 17. Qxe2 Rfc8 18. Ra3 Qc6 19. Rb3 Rab8 20. Rb5 b6 21.
Re1 d5 22. g4 Rf8 23. Nf3 Nc8 24. Ra1 Nd6 25. Rb3 Rfe8 26. Ne5 Qc7 27. Rc1 f6
28. Nd3 e5 29. dxe5 fxe5 30. Rd1 Nc4 31. Ne1 e4 32. Rb5 e3 33. Rbxd5 exf2+ 34.
Qxf2 Ne3 35. Rd7 Qe5 36. R1d3 Nxg4 37. hxg4 Qxe1+ 38. Qxe1 Rxe1+ 39. Kf2 Rb1
40. Rd8+ Rxd8 41. Rxd8+ Kf7 42. Rd2 Ke6 43. Kf3 Ra1 44. Re2+ Kf6 45. Rd2 Ke6
46. Re2+ Kd6 47. Re4 Ra2 48. Rd4+ Kc6 49. Rc4+ Kd6 50. Rd4+ Ke6 51. Re4+ Kf6
52. Rf4+ Kg6 53. Rd4 Rxb2 54. Rd6+ Kg5 55. Rd7 0-1

[Event "M.Chigorin Memorial 2014"]
[Site "St. Petersburg"]
[Date "2014.10.20"]
[Round "3.56"]
[White "Gogin, Maksim"]
[Black "Tsydypov, Zhamsaran"]
[Result "1/2-1/2"]
[WhiteElo "2201"]
[BlackElo "2406"]
[PlyCount "91"]
[EventDate "2014.10.18"]
[EventType "swiss"]
[EventCountry "RUS"]

1. d4 g6 2. g3 Bg7 3. Bg2 c5 4. Nf3 cxd4 5. Nxd4 Qb6 6. Nb3 Nf6 7. Be3 Qc7 8.
Nc3 Nc6 9. O-O O-O 10. a4 d6 11. a5 a6 12. Na4 Be6 13. Rc1 Nxa5 14. Nb6 Nc4 15.
Nxa8 Rxa8 16. Bd4 Re8 17. Nd2 Bh6 18. e3 Bg4 19. Qe1 e5 20. Bc3 d5 21. Nxc4
Qxc4 22. b3 Qb5 23. Ra1 Bf5 24. Ra5 Qd7 25. Qa1 Qc7 26. Bxd5 b6 27. Bxe5 Rxe5
28. Qxe5 Qxe5 29. Bxf7+ Kxf7 30. Rxe5 Bf8 31. Ra1 Bc8 32. Rd1 Be7 33. f3 Bb7
34. Kf2 Ba3 35. c3 Bb2 36. Rd3 Bc8 37. b4 Bf5 38. e4 Be6 39. Rd6 Bd7 40. Red5
Nxd5 41. Rxd7+ Ne7 42. Rc7 a5 43. Ke2 axb4 44. cxb4 Bd4 45. Rd7 Bc3 46. Rb7
1/2-1/2

[Event "M.Chigorin Memorial 2014"]
[Site "St. Petersburg"]
[Date "2014.10.20"]
[Round "3.57"]
[White "Grigorjev, Iljya"]
[Black "Delemarre, Jop"]
[Result "1-0"]
[WhiteElo "2203"]
[BlackElo "2399"]
[PlyCount "83"]
[EventDate "2014.10.18"]
[EventType "swiss"]
[EventCountry "RUS"]

1. e4 d6 2. d4 g6 3. Nf3 Nf6 4. Nc3 Bg7 5. Bc4 O-O 6. O-O Bg4 7. h3 Bxf3 8.
Qxf3 Nc6 9. Ne2 e5 10. d5 Ne7 11. Ng3 h5 12. b4 Nh7 13. Qd3 h4 14. Ne2 f5 15.
f3 Rf7 16. Ba3 Nf6 17. Bb3 Nh5 18. c4 Nf4 19. Nxf4 exf4 20. c5 fxe4 21. fxe4 g5
22. Rac1 Ng6 23. Bd1 Ne5 24. Qb3 g4 25. hxg4 Qg5 26. cxd6 cxd6 27. b5 Nxg4 28.
Bxg4 Qxg4 29. Qf3 Qg6 30. Rc4 Be5 31. Qh3 Raf8 32. Rf3 Rg7 33. Bb4 Qh5 34. Be1
Rg4 35. Bc3 Bxc3 36. Rfxc3 Rg3 37. Qe6+ Kh8 38. Rc8 Rfg8 39. Qf6+ R3g7 40. R3c7
Qg5 41. Rxg7 Qxf6 42. Rcxg8# 1-0

[Event "M.Chigorin Memorial 2014"]
[Site "St. Petersburg"]
[Date "2014.10.20"]
[Round "3.58"]
[White "Sergienko, Sergey"]
[Black "Snetkov, Ivan"]
[Result "1-0"]
[WhiteElo "2380"]
[BlackElo "2011"]
[PlyCount "51"]
[EventDate "2014.10.18"]
[EventType "swiss"]
[EventCountry "RUS"]

1. e4 c5 2. Nf3 d6 3. Bb5+ Bd7 4. Bxd7+ Qxd7 5. c4 Nf6 6. Nc3 g6 7. O-O Bg7 8.
d4 cxd4 9. Nxd4 O-O 10. h3 Rc8 11. b3 d5 12. exd5 Nxd5 13. Nxd5 e6 14. Bh6 Bh8
15. Nxe6 fxe6 16. Ne3 Qe7 17. Rc1 Nc6 18. Qg4 Ne5 19. Qe4 Rd8 20. Rcd1 Rac8 21.
Ng4 Nc6 22. h4 Rd6 23. Bg5 Qd7 24. Nh6+ Kg7 25. Qf4 e5 26. Bf6+ 1-0

[Event "M.Chigorin Memorial 2014"]
[Site "St. Petersburg"]
[Date "2014.10.20"]
[Round "3.59"]
[White "Borisovsky, Dmitry"]
[Black "Yandemirov, Valeri"]
[Result "0-1"]
[WhiteElo "1973"]
[BlackElo "2375"]
[PlyCount "50"]
[EventDate "2014.10.18"]
[EventType "swiss"]
[EventCountry "RUS"]

1. e4 e5 2. Nf3 Nc6 3. d4 exd4 4. Nxd4 Bb4+ 5. c3 Bc5 6. Nxc6 bxc6 7. Bd3 Ne7
8. O-O O-O 9. Qc2 Ng6 10. b4 Bb6 11. a4 a5 12. bxa5 Rxa5 13. c4 Qh4 14. Be3 Rh5
15. h3 Nf4 16. Bxf4 Qxf4 17. Qe2 Rxh3 18. gxh3 Qg3+ 19. Kh1 Qxh3+ 20. Kg1 Re8
21. e5 Qg3+ 22. Kh1 Qh4+ 23. Kg2 Qg5+ 24. Kf3 d5 25. Bxh7+ Kf8 0-1

[Event "M.Chigorin Memorial 2014"]
[Site "St. Petersburg"]
[Date "2014.10.20"]
[Round "3.60"]
[White "Ponkratov, Pavel"]
[Black "Severina, Maria"]
[Result "1-0"]
[WhiteElo "2617"]
[BlackElo "2229"]
[PlyCount "73"]
[EventDate "2014.10.18"]
[EventType "swiss"]
[EventCountry "RUS"]

1. d4 Nf6 2. c4 e6 3. g3 d5 4. Bg2 Bb4+ 5. Bd2 Bxd2+ 6. Nxd2 O-O 7. Ngf3 Nbd7
8. O-O c6 9. Qa4 Qe7 10. Rfe1 dxc4 11. Qxc4 e5 12. e4 Rd8 13. Nb3 h6 14. Rad1
Nb6 15. Qc3 exd4 16. Nfxd4 Bg4 17. f3 Be6 18. Nc5 Bc4 19. b4 Bxa2 20. Nf5 Qc7
21. Nxh6+ Kf8 22. Ra1 Be6 23. f4 Qe7 24. f5 Bc8 25. e5 Nfd5 26. Qc1 Nxb4 27. f6
gxf6 28. Ng4 Bxg4 29. Qh6+ Kg8 30. exf6 Qxc5+ 31. Kh1 Qf8 32. Qg5+ Kh8 33. Qh4+
Kg8 34. Qxg4+ Kh8 35. Qh5+ Kg8 36. Qg5+ Kh8 37. Re4 1-0

[Event "M.Chigorin Memorial 2014"]
[Site "St. Petersburg"]
[Date "2014.10.20"]
[Round "3.61"]
[White "Smirnov, Pavel"]
[Black "Dilmukhametov, Artur"]
[Result "1-0"]
[WhiteElo "2611"]
[BlackElo "2157"]
[PlyCount "89"]
[EventDate "2014.10.18"]
[EventType "swiss"]
[EventCountry "RUS"]

1. d4 d5 2. c4 c6 3. Nc3 Nf6 4. cxd5 cxd5 5. Bf4 Nc6 6. e3 Bf5 7. Qb3 Na5 8.
Qa4+ Bd7 9. Qc2 e6 10. Nf3 Rc8 11. Bd3 b5 12. a3 Be7 13. h3 O-O 14. O-O h6 15.
Ne5 Nc4 16. Rfc1 Be8 17. Qe2 Qb6 18. a4 a6 19. axb5 Bxb5 20. Nxb5 axb5 21. b3
Nd6 22. Qa2 Qb7 23. f3 Ra8 24. Qe2 Rxa1 25. Rxa1 Rc8 26. Qa2 Nh5 27. Bh2 Bg5
28. Qd2 Be7 29. Rc1 b4 30. Rxc8+ Qxc8 31. Qc2 Qa8 32. Nc6 Bf8 33. g4 Nf6 34.
Kg2 Qa3 35. Bg3 Nb7 36. h4 Nd7 37. g5 hxg5 38. hxg5 Na5 39. Bh7+ Kh8 40. Nd8 g6
41. Bxg6 Qxb3 42. Nxf7+ Kg7 43. Qc7 Kxg6 44. Nh8+ Kh7 45. Qxd7+ 1-0

[Event "M.Chigorin Memorial 2014"]
[Site "St. Petersburg"]
[Date "2014.10.20"]
[Round "3.62"]
[White "Pogosian, Vladimir"]
[Black "Burmakin, Vladimir"]
[Result "0-1"]
[WhiteElo "2156"]
[BlackElo "2583"]
[PlyCount "72"]
[EventDate "2014.10.18"]
[EventType "swiss"]
[EventCountry "RUS"]

1. c4 Nf6 2. g3 c6 3. Bg2 d5 4. Nf3 h6 5. O-O dxc4 6. Na3 b5 7. Ne5 Nd5 8. b3
cxb3 9. Qxb3 e6 10. Bb2 Be7 11. Rac1 O-O 12. Rxc6 Nxc6 13. Nxc6 Qe8 14. Nxe7+
Qxe7 15. Nxb5 Rb8 16. Bxd5 exd5 17. Qc3 Qf6 18. Nd4 Bh3 19. Re1 Rfc8 20. Qa3
Rb7 21. Nb3 Qe7 22. Qa6 Rb6 23. Qa5 Qb7 24. Qa4 Rb4 25. Qa5 Rb5 26. Qa3 d4 27.
f3 d3 28. e4 Qb6+ 29. Re3 Be6 30. Qe7 Bxb3 31. axb3 Rxb3 32. Be5 Qxe3+ 33. dxe3
d2 34. Qd7 Rc1+ 35. Kg2 d1=Q 36. Qe8+ Kh7 0-1

[Event "M.Chigorin Memorial 2014"]
[Site "St. Petersburg"]
[Date "2014.10.20"]
[Round "3.63"]
[White "Yakimov, S.Y."]
[Black "Rozum, Ivan"]
[Result "0-1"]
[WhiteElo "2155"]
[BlackElo "2551"]
[PlyCount "66"]
[EventDate "2014.10.18"]
[EventType "swiss"]
[EventCountry "RUS"]

1. d4 Nf6 2. Nf3 e6 3. e3 b6 4. Bd3 Bb7 5. O-O d5 6. b3 Bd6 7. Bb2 O-O 8. Nbd2
c5 9. Ne5 Nbd7 10. f4 cxd4 11. exd4 Ne4 12. Nxe4 dxe4 13. Bc4 Bd5 14. Qe2 Rc8
15. Rac1 Qe7 16. Bxd5 exd5 17. c4 f6 18. Nxd7 Qxd7 19. cxd5 Qf5 20. Rxc8 Rxc8
21. Rc1 Re8 22. g3 e3 23. a3 Kf8 24. Rc3 Qb1+ 25. Kg2 Qe4+ 26. Kh3 Qxd4 27. b4
Qd2 28. Qxd2 exd2 29. Rd3 Bxf4 30. d6 Re3 31. Rd5 Ke8 32. d7+ Kd8 33. Kg4 Re1
0-1

[Event "M.Chigorin Memorial 2014"]
[Site "St. Petersburg"]
[Date "2014.10.20"]
[Round "3.64"]
[White "Kuzmin, Egor"]
[Black "Sivuk, Vitaly"]
[Result "1/2-1/2"]
[WhiteElo "2154"]
[BlackElo "2523"]
[PlyCount "144"]
[EventDate "2014.10.18"]
[EventType "swiss"]
[EventCountry "RUS"]

1. c4 f5 2. d4 Nf6 3. Nc3 g6 4. g3 Bg7 5. Bg2 O-O 6. Nf3 d6 7. O-O c6 8. Rb1 a5
9. a3 Qe8 10. d5 c5 11. Nb5 Na6 12. Bd2 Bd7 13. Ng5 Bxb5 14. cxb5 Qxb5 15. Ne6
Rfc8 16. e4 fxe4 17. Bh3 Nc7 18. Nxg7 Kxg7 19. Bxc8 Rxc8 20. Bc3 Qc4 21. Qg4
Rd8 22. Bxf6+ exf6 23. Rfe1 f5 24. Qg5 Re8 25. b4 axb4 26. axb4 Na6 27. bxc5
Nxc5 28. Qd2 Re5 29. Red1 Qa6 30. Rb2 Qa8 31. Rc1 Qc8 32. Qd4 Qc7 33. Ra1 g5
34. Ra8 Kh6 35. h4 Qe7 36. hxg5+ Kg6 37. Rb1 Qc7 38. Re8 Nd3 39. Rxe5 Nxe5 40.
Qb6 Qe7 41. Qxb7 Qxg5 42. Qc7 Qf6 43. Rb7 Nf7 44. Qe7 Qxe7 45. Rxe7 Ng5 46. Rd7
Nf7 47. Kf1 Kf6 48. Ke2 Ng5 49. Rxd6+ Ke5 50. Rd7 h5 51. Ke3 Nh3 52. Rd8 Ng5
53. d6 Ne6 54. Rh8 Kxd6 55. Rxh5 Ke5 56. g4 Nd4 57. gxf5 Nxf5+ 58. Kd2 Kf4 59.
Rh3 Kg4 60. Rh8 Kf4 61. Rf8 Ke5 62. Kc3 Nd6 63. Kb4 Kd5 64. Rd8 Ke5 65. Rd7 Ke6
66. Rh7 Kd5 67. Rd7 Ke5 68. Kc5 Nf5 69. Rd8 e3 70. Re8+ Kf4 71. fxe3+ Nxe3 72.
Rxe3 Kxe3 1/2-1/2

[Event "M.Chigorin Memorial 2014"]
[Site "St. Petersburg"]
[Date "2014.10.20"]
[Round "3.65"]
[White "Oral, Tomas"]
[Black "Kalinin, Nikita"]
[Result "1/2-1/2"]
[WhiteElo "2513"]
[BlackElo "2152"]
[PlyCount "93"]
[EventDate "2014.10.18"]
[EventType "swiss"]
[EventCountry "RUS"]

1. e4 e5 2. Nf3 Nc6 3. Bb5 Bc5 4. O-O Nd4 5. Nxd4 Bxd4 6. c3 Bb6 7. d4 c6 8.
Bc4 d6 9. dxe5 dxe5 10. Qh5 Qe7 11. Bg5 Nf6 12. Qf3 h6 13. Bxf6 Qxf6 14. Qxf6
gxf6 15. a4 a5 16. Na3 Ke7 17. Kh1 Bc7 18. Rad1 Bg4 19. f3 Be6 20. Bxe6 fxe6
21. g3 Bd6 22. Nc4 Bc5 23. Rd3 b5 24. axb5 cxb5 25. Nxa5 Rxa5 26. b4 Bxb4 27.
cxb4 Raa8 28. Rfd1 Rhd8 29. Rxd8 Rxd8 30. Rxd8 Kxd8 31. Kg2 Ke7 32. Kh3 Kf7 33.
Kg4 Kg6 34. f4 h5+ 35. Kf3 exf4 36. Kxf4 h4 37. gxh4 Kh5 38. Kg3 Kg6 39. Kg4
Kh6 40. Kf4 Kh5 41. Kg3 Kg6 42. Kg4 Kh6 43. h5 Kg7 44. Kh4 Kh7 45. Kg4 Kg7 46.
Kh4 Kh7 47. Kg4 1/2-1/2

[Event "M.Chigorin Memorial 2014"]
[Site "St. Petersburg"]
[Date "2014.10.20"]
[Round "3.66"]
[White "Krapivin, Alexander"]
[Black "Zherebtsova, Alexandra"]
[Result "1-0"]
[WhiteElo "2442"]
[BlackElo "2142"]
[PlyCount "76"]
[EventDate "2014.10.18"]
[EventType "swiss"]
[EventCountry "RUS"]

1. Nf3 Nf6 2. b3 c5 3. Bb2 Nc6 4. e3 g6 5. Nc3 Bg7 6. Ne4 b6 7. Nxf6+ exf6 8.
Be2 Bb7 9. O-O O-O 10. d4 f5 11. Rb1 d6 12. c3 Re8 13. Qd2 Qe7 14. Bc4 Rad8 15.
Bd5 Nb8 16. Bxb7 Qxb7 17. Rfd1 Qe7 18. Qd3 Nd7 19. Qb5 Nf6 20. Rd3 Ne4 21. Rbd1
g5 22. Nd2 cxd4 23. cxd4 Nxd2 24. R3xd2 Qe4 25. d5 Bxb2 26. Rxb2 Rc8 27. Rbd2
Red8 28. Rd4 Qc2 29. h4 Rc5 30. Qa6 Ra5 31. Qb7 Rxa2 32. Rf1 g4 33. Qe7 Qc8 34.
Qg5+ Kh8 35. Qf6+ Kg8 36. Rf4 Qd7 37. Rxf5 a5 38. Rg5+ Kf8 1-0

[Event "M.Chigorin Memorial 2014"]
[Site "St. Petersburg"]
[Date "2014.10.20"]
[Round "3.67"]
[White "Bodnaruk, Anastasia"]
[Black "Lagashin, Pavel"]
[Result "0-1"]
[WhiteElo "2440"]
[BlackElo "2138"]
[PlyCount "122"]
[EventDate "2014.10.18"]
[EventType "swiss"]
[EventCountry "RUS"]

1. e4 c5 2. Nf3 e6 3. d4 cxd4 4. Nxd4 Nc6 5. Nc3 Qc7 6. Be2 a6 7. O-O Nf6 8.
Be3 Bb4 9. Na4 O-O 10. Nxc6 bxc6 11. f4 d5 12. e5 Nd7 13. c4 Be7 14. Rc1 Qb8
15. Bd3 g6 16. Qc2 a5 17. cxd5 cxd5 18. Qc6 Rd8 19. Bb6 Nxb6 20. Nxb6 Ba6 21.
Nxa8 Bxd3 22. Rfd1 Be2 23. Rd2 Bb5 24. Qb6 Bc4 25. Rxc4 dxc4 26. Rxd8+ Qxd8 27.
Qxd8+ Bxd8 28. Kf2 f6 29. Ke3 fxe5 30. fxe5 Bg5+ 31. Ke4 Bd2 32. Nc7 Bc1 33.
Nxe6 Bxb2 34. Kd5 c3 35. Nd4 Kf7 36. Kd6 Ke8 37. Nc2 Bc1 38. a4 Bg5 39. g3 h5
40. Kc6 h4 41. Kb5 hxg3 42. hxg3 Bd8 43. Kc6 Ke7 44. Nd4 g5 45. Kb7 g4 46. Kc6
Ke8 47. Kd5 Bh4 48. Ne2 c2 49. Ke4 Bg5 50. Kf5 c1=Q 51. Nxc1 Bxc1 52. Kxg4 Kf7
53. Kf5 Ke7 54. g4 Bb2 55. g5 Bc1 56. g6 Bh6 57. Ke4 Ke6 58. Kd4 Bg7 59. Kc4
Bxe5 60. Kb5 Bc3 61. g7 Kf7 0-1

[Event "M.Chigorin Memorial 2014"]
[Site "St. Petersburg"]
[Date "2014.10.20"]
[Round "3.68"]
[White "Khusenkhojaev, Muhammad"]
[Black "Rudenko, Eugeny"]
[Result "1/2-1/2"]
[WhiteElo "2416"]
[BlackElo "2138"]
[PlyCount "112"]
[EventDate "2014.10.18"]
[EventType "swiss"]
[EventCountry "RUS"]

1. Nf3 c5 2. c4 g6 3. d4 Bg7 4. e4 cxd4 5. Nxd4 Nc6 6. Be3 Nf6 7. Nc3 O-O 8.
Be2 d6 9. O-O Nxd4 10. Bxd4 Re8 11. f4 e5 12. fxe5 dxe5 13. Bc5 Be6 14. b3 Nd7
15. Bf2 Bf8 16. Bg4 Bc5 17. Bxe6 fxe6 18. Qc2 Qe7 19. Rad1 Rf8 20. Na4 Bxf2+
21. Rxf2 Nc5 22. Nc3 Na6 23. Rxf8+ Rxf8 24. Qd2 Qc5+ 25. Kh1 Qd4 26. Qe1 Qb6
27. Na4 Qc6 28. h3 Rf4 29. Rd8+ Kg7 30. Nc3 Nc5 31. Qd2 Nxe4 32. Qd7+ Rf7 33.
Qxc6 Ng3+ 34. Kh2 Nf1+ 35. Kg1 bxc6 36. Rd3 h5 37. h4 Rf4 38. g3 Rd4 39. Rxd4
exd4 40. Ne2 d3 41. Kxf1 dxe2+ 42. Kxe2 c5 43. a3 a5 44. b4 cxb4 45. axb4 axb4
46. c5 Kf7 47. Kd3 Ke7 48. Kc2 Kd7 49. Kb3 Kc7 50. Kc4 Kb7 51. Kxb4 Kc6 52. Kc4
e5 53. Kb4 e4 54. Kc4 e3 55. Kd3 Kxc5 56. Kxe3 Kd5 1/2-1/2

[Event "M.Chigorin Memorial 2014"]
[Site "St. Petersburg"]
[Date "2014.10.20"]
[Round "3.69"]
[White "Mrykhin, Igor"]
[Black "Sarana, Alexey"]
[Result "1-0"]
[WhiteElo "2151"]
[BlackElo "2416"]
[PlyCount "119"]
[EventDate "2014.10.18"]
[EventType "swiss"]
[EventCountry "RUS"]

1. e4 c5 2. c3 d5 3. exd5 Qxd5 4. d4 Nf6 5. Nf3 Bg4 6. Be2 e6 7. h3 Bh5 8. Qb3
Qxb3 9. axb3 Nc6 10. Be3 Nd5 11. Nbd2 Be7 12. Bb5 Nxe3 13. fxe3 cxd4 14. exd4
O-O 15. O-O Rfc8 16. Bxc6 bxc6 17. b4 f6 18. Ra5 Bg6 19. Rfa1 Rc7 20. Nc4 Kf7
21. Nb6 Rb8 22. Na4 Rbb7 23. Nc5 Bxc5 24. Rxc5 Ke7 25. Rca5 Bc2 26. Nd2 Kf7 27.
Rc1 Bf5 28. Nb3 Re7 29. Rca1 Rbc7 30. Kf2 g5 31. Rc5 e5 32. Re1 Bc2 33. Na5
exd4 34. Rxe7+ Rxe7 35. Nxc6 Rd7 36. Nxd4 Be4 37. Ra5 h5 38. h4 Kg6 39. hxg5
fxg5 40. Ra6+ Kf7 41. Ne6 Rd5 42. Nd4 Rd7 43. Nf3 Bxf3 44. Kxf3 Rd2 45. Rxa7+
Ke6 46. Ra6+ Ke5 47. Ra5+ Kf6 48. Rc5 Rxb2 49. b5 Rb3 50. Ke4 Rb2 51. c4 h4 52.
Rc6+ Ke7 53. b6 Rxg2 54. Rh6 Kd7 55. Kd5 Rf2 56. Rh7+ Kc8 57. c5 Rf1 58. c6
Rd1+ 59. Ke4 Re1+ 60. Kf3 1-0